1324 1203 1399 1815 1162 1911 1728 1215 1219 1576 1046 1420 1958 1682 1166 1115 1193 1213 1276 1454 1666 1138 1335 1406 1911 1650 1080 1591 1455 1831 1106 1110 1265 1892 1352 1980 1711 1412 1472 1601 1800 1340 1321 1917 1202 1396 1694 1608 1832 1500 1845 1202 1597 1602 1433 1451 1453 1111 1722 1549 1776 1232 1453 1428 1339 1468 1408 1739 1285 1073 1543 1951 1315 1770 1090 1961 1264 1335 1032 1001 1693 1555 1141 1105 1635 1144 1703 1173 1156 1054 1261 1112 1207 1243 1211 1611 1715 1004 1461 BCNSPRNW ULIB Ver.6.0+V

เปลี่ยนเป็นภาษาไทย

Change to English
 แสดงรายละเอียดบรรณานุกรม
  กลับหน้าหลัก

Brief Record : Get Marc (ISO 2709) : E-mail record : QR code < ปิดหน้าต่าง
LEADER : 00000nam 2200000uu 4500
001    13399128830
003     ULIB
008    241009s2566||||th 000 0 tha d
020    ^a9786164821132
060 04 ^aWA590^bอ864ก
100 0  ^aอุษา บิ้กกิ้นส์
245 10 ^aการสื่อสารเพื่อความรอบรู้ด้านสุขภาพชุมชน /^cอุษา บิ้กกิ้นส์
250    ^aพิมพ์ครั้งที่ 1
260    ^aกรุงเทพฯ :^bสำนักพิมพ์สถาบันบัณฑิตพัฒนบริหารศาสตร์,^c2566
300    ^a211 หน้า :^bภาพประกอบ ;^c26 ซม.
650  4 ^aการสื่อสารทางการแพทย์
650  4 ^aการส่งเสริมสุขภาพ
945    ^p500^l0^i011037
945    ^p500^l0^i011038
945    ^p500^l0^i011039
945    ^p500^l0^i011040
999    ^aประนอม เกษจรัล
รายการนี้ยังไม่มีแท็ก
คุณยังไม่ได้ล็อกอิน คุณสามารถมีกิจกรรมร่วมกับเว็บไซต์ได้ แต่ต้องล็อกอินก่อน ::
  ล็อกอิน

รายการสื่อสารสนเทศ

ลำดับที่ ประเภท เลขเรียก/บาร์โค้ด สถานที่ สถานะ
1. Book การพยาบาล
หนังสือสำรอง
สถานะ=หนังสือสำรอง
WA590 อ864ก ฉ.1 
  Barcode: 011037
ห้องสมุดวิทยาเขตสวรรค์ประชารักษ์
►หนังสือทั่วไป
บนชั้น
2. Book การพยาบาล
Book การพยาบาล
WA590 อ864ก ฉ.2 
  Barcode: 011038
ห้องสมุดวิทยาเขตสวรรค์ประชารักษ์
►หนังสือทั่วไป
บนชั้น
3. Book การพยาบาล
Book การพยาบาล
WA590 อ864ก ฉ.3 
  Barcode: 011039
ห้องสมุดวิทยาเขตสวรรค์ประชารักษ์
►หนังสือทั่วไป
บนชั้น
4. Book การพยาบาล
Book การพยาบาล
WA590 อ864ก ฉ.4 
  Barcode: 011040
ห้องสมุดวิทยาเขตสวรรค์ประชารักษ์
►หนังสือทั่วไป
บนชั้น

รายการใกล้เคียง
    หัวเรื่อง [การสื่อสารทางการแพทย์]
    หัวเรื่อง [การส่งเสริมสุขภาพ]

BibComment


ยังไม่เคยถูกคอมเมนท์

คอมเมนท์ทรัพยากรรายการนี้
  คอมเมนท์: การสื่อสารเพื่อค..


 Copyright 2026. Bcnsprnw @Library